000 00814nam a2200265Ia 4500
001 ESSALUD16596
005 20230309104538.0
007 ta
008 200105s2004||||pe |||||||||||||| ||spa||
040 _aESSALUD
041 _aspa
043 _cpe
082 _a070.1
_bE78
110 _aPerú. Seguro Social de Salud (EsSalud). Sub Gerencia de Informaciones
_eautor
_944564
245 0 _aManual de prensa.
250 _a1 ed.
260 _aLima
_bEsSalud
_c2004
300 _a28 páginas
650 _aMEDIOS DE COMUNICACIÓN DE MASAS
_9856
650 _aRELACIONES COMUNIDAD-INSTITUCIÓN
_943115
650 _aPUBLICACIONES
_91053
650 _aSEGURIDAD SOCIAL
_92070
856 _uhttps://drive.google.com/file/d/1BynJvH7EBQgKk74u_T9esisLEQn3jB4F/view?usp=sharing
942 _cBK
_e2023-03-09
_zgsp, AFC
999 _c14816
_d14816